Normal view
MARC view
Entry Personal Name
001 - CONTROL NUMBER
- control field: 4463
003 - CONTROL NUMBER IDENTIFIER
- control field: TZ-ArACH
005 - DATE AND TIME OF LATEST TRANSACTION
- control field: 20120301111711.0
008 - FIXED-LENGTH DATA ELEMENTS
- fixed length control field: 120301|||a|||||| | ||| d
040 ## - CATALOGING SOURCE
- Original cataloging agency: TZ-ArACH
- Transcribing agency: TZ-ArACH
100 ## - HEADING--PERSONAL NAME
- Personal name: Minow, Martha
- Dates associated with a name: (1954-....).
- Relator term: Auteur.
670 ## - SOURCE DATA FOUND
- Source citation: Work cat.: (TZ-ArACH)1591: Minow, Martha (1954-....). Auteur., Between vengeance and forgiveness, cimpr. 1998.
670 ## - SOURCE DATA FOUND
- Source citation: Work cat.: (TZ-ArACH)1591: Minow, Martha (1954-....). Auteur., Between vengeance and forgiveness, cimpr. 1998.
